Szczegóły MARC21

Die Judenbuche : ein Sittengemälde aus dem gebirgichten Westfalen /

003 -Nazwa inst., której nr kontr. jest w polu 001 [,]
    • @
    • Nazwa instytucji, której n kontrolny jest w polu 001
    • NUKAT
005 -DATA I CZAS OSTATNIEJ MODYFIKACJI [,]
    • @
    • pole kontrolne
    • 20241231094156.0
020 -Międzynarod. znormalizowany nr książki - ISBN [ , ]
    • a
    • Numer ISBN
    • 3872910140 Find
040 -Instytucja sporządzająca opis [ , ]
    • a
    • Instytucja, która sporządziła opis (NP)
    • KR 119/IK
    • c
    • Instytucja, która sporządziła rekord (NP)
    • KR 119/IKs
    • d
    • Instytucja, która zmodyfikowała rekord (P)
    • KAT U/46MM
    • d
    • Instytucja, która zmodyfikowała rekord (P)
    • KR 119/IK
942 -Rodzaj dokumentu [ , ]
    • c
    • Rodzaj dokumentu
    • Książka
100 -Hasło główne - nazwa osobowa [1, ]
    • a
    • Nazwa osobowa (NP)
    • Droste-Hülshoff, Annette von
    • d
    • Daty biograficzne (NP)
    • (1797-1848).
    • 9
    • KHW
    • 233788
240 -Tytuł ujednolicony [1,0]
    • a
    • Tytuł ujednolicony
    • Judenbuche
    • l
    • Język tekstu
    • (niem.)
    • 9
    • KHW
    • 456063
245 -Strefa tytułu i oznaczenia odpowiedzialności [1,4]
    • a
    • Tytuł
    • Die Judenbuche : Find
    • b
    • Ciąg dalszy tytułu (NP)
    • ein Sittengemälde aus dem gebirgichten Westfalen / Find
    • c
    • Pozostałe elementy strefy tytułu i oznaczenia odpowiedzialności (NP)
    • Annette von Droste-Hülshoff.
250 -Strefa wydania [ , ]
    • a
    • Oznaczenie wydania (NP)
    • Ungekürzter Text.
260 -Strefa adresu wydawniczego [ , ]
    • a
    • Miejsce wydania (P)
    • Husum/Nordsee :
    • b
    • Nazwa wydawcy (P)
    • Hamburger Lesehefte Verlag,
    • c
    • Data wydania (P)
    • [1980].
300 -Strefa opisu fizycznego [ , ]
    • a
    • Określenie formy książki i/lub objętość (NP)
    • 48 s. ;
    • c
    • Format (NP)
    • 20 cm.
336 -Typ zawartości [ , ]
    • a
    • Termin opisujący typ zawartości
    • Tekst
    • b
    • Kod określający zawartość
    • txt
    • 2
    • Źródło (terminu i kodu)
    • rdacontent
337 -Typ mediów [ , ]
    • a
    • Tryb odtwarzania
    • Bez urządzenia pośredniczącego
    • b
    • Kod typu mediów
    • n
    • 2
    • Źródło (terminu i kodu)
    • rdamedia
338 -Typ/rodzaj nośnika [ , ]
    • a
    • Hasło opisujące typ nośnika
    • Wolumin
    • b
    • Kod typu nośnika
    • nc
    • 2
    • Źródło (terminu i kodu)
    • rdacarrier
490 -Strefa serii i książki wielotomowej - forma nie do wyszukiwania [1, ]
    • a
    • Tytuł (P)
    • Hamburger Leseheft ; Find
    • v
    • Numeracja (P)
    • H. 15
830 -Hasło dodatkowe serii i opisu książki wielotomowej - tytuł ujednolicony/tytuł [ ,0]
    • a
    • Tytuł ujednolicony/tytuł (NP)
    • Hamburger Leseheft
    • v
    • Oznaczenie tomu (NP)
    • H. 15
    • 9
    • KHW
    • 401732
500 -Uwaga ogólna [ , ]
    • a
    • Uwaga ogólna (NP)
    • Rok wyd. wg ZVAB online.
080 -Uniwersalna Klasyfikacja Dziesiętna [ , ]
    • a
    • Symbol klasyfikacji
    • 830-32=30
655 -Hasło w funkcji tematu formalnego [ ,7]
    • a
    • Hasło
    • Nowele niemieckie
    • y
    • Określnik chronologiczny
    • 19 w.
    • 2
    • Źródło terminu
    • kaba
    • 9
    • KHW
    • 359473
980 -Symbol UKD [ , ]
    • a
    • UKD
    • 830-32=30
710 -Hasło dodatkowe - nazwa ciała zbiorowego [2, ]
    • a
    • Nazwa ciała zbiorowego lub nazwa geograficzna jako pierwszy element (NP)
    • Husum Druck- und Verlagsgesellschaft.
    • 4
    • Kod relacji
    • pbl
    • 9
    • KHW
    • 401902
920 -ISBN [ , ]
    • a
    • ISBN
    • 3-87291-014-0 Find
Sygnatura Data inwentaryzacji Lokalizacja Status udost. Numer inwentarzowy
Germ. Opowiadania niemieckie1998-09-18BM-3G.13975
Germ. Opowiadania niemieckie1998-09-18BM-3G.13976
Germ. Opowiadania niemieckie1998-09-18BM-3G.13977
Germ. Opowiadania niemieckie1994-01-12BM-3G.9307
Germ. Opowiadania niemieckie1994-01-12BM-3G.9308
Germ. Opowiadania niemieckie1994-01-12BM-3G.9309
Germ. Opowiadania niemieckie1994-01-12BM-3G.9310
Germ. Opowiadania niemieckie1998-09-18BM-3G.13970
Germ. Opowiadania niemieckie1998-09-18BM-3G.13971
Germ. Opowiadania niemieckie1998-09-18BM-3G.13972
Germ. Opowiadania niemieckie1998-09-18BM-3G.13973
Germ. Opowiadania niemieckie1998-09-18BM-3G.13974
Germ. Opowiadania niemieckie1998-09-18BM-3G.13978
Germ. Opowiadania niemieckie2001-05-17BM-3G.15807
Germ. Opowiadania niemieckie1994-01-12BM-3G.9306